Подробности
| 000 -МАРКЕР |
| контрольное поле |
02063nam0a2200337 4500 |
| 001 - ИДЕНТИФИКАТОР ЗАПИСИ |
| контрольное поле |
RU\NLR\bibl\402526 |
| 005 - ИДЕНТИФИКАТОР ВЕРСИИ |
| контрольное поле |
20250622164526.0 |
| 010 ## - МЕЖДУНАРОДНЫЙ СТАНДАРТНЫЙ НОМЕР КНИГИ (ISBN) |
| Номер (ISBN) |
5-94879-062-2 |
| Тираж |
8000 |
| 021 ## - НОМЕР ГОСУДАРСТВЕННОЙ РЕГИСТРАЦИИ |
| Код страны |
Российская Федерация |
| Номер |
2003-14644 |
| Номер Листа государственной регистраци |
684 |
| 021 ## - НОМЕР ГОСУДАРСТВЕННОЙ РЕГИСТРАЦИИ |
| Код страны |
Российская Федерация |
| Номер |
2003-19746 |
| Номер Листа государственной регистраци |
909 |
| 035 ## - ДРУГИЕ СИСТЕМНЫЕ НОМЕРА |
| Идентификатор записи |
(NLR Aleph) 000396675 |
| 100 ## - ДАННЫЕ ОБЩЕЙ ОБРАБОТКИ |
| Данные общей обработки |
20030526d2003 |||y0rusy50 ca |
| 101 0# - ЯЗЫК РЕСУРСА |
| Язык текста, звукозаписи и т.д. |
русский |
| 102 ## - СТРАНА ПУБЛИКАЦИИ ИЛИ ПРОИЗВОДСТВА |
| Страна публикации |
Российская Федерация |
| 105 ## - ПОЛЕ КОДИРОВАННЫХ ДАННЫХ: ТЕКСТОВЫЕ МАТЕРИАЛЫ, МОНОГРАФИЧЕСКИЕ |
| Кодированные данные о монографическом текстовом документе |
y ||||||||| |
| 200 1# - ЗАГЛАВИЕ И СВЕДЕНИЯ ОБ ОТВЕТСТВЕННОСТИ |
| Основное заглавие |
Комментарий к Гражданскому процессуальному кодексу Российской Федерации |
| Первые сведения об ответственности |
Правовое упр. Аппарата Гос. Думы Федер. Собрания Рос. Федерации |
| Последующие сведения об ответственности |
[Авт. коммент. Лебедев П.А. и др.] |
| -- |
Отв. ред. Г.П. Ивлиев |
| 210 ## - ПУБЛИКАЦИЯ, РАСПРОСТРАНЕНИЕ И ДР. |
| Место издания, распространения и т.д. |
М. |
| Имя издателя, распространителя и т. д. |
Юрайт |
| Дата издания, распространения и т.д. |
2003 |
| 215 ## - ФИЗИЧЕСКАЯ ХАРАКТЕРИСТИКА |
| Специфическое обозначение материала и объем |
557, [1] с. |
| Размеры |
22 |
| 225 1# - СЕРИЯ |
| Основное заглавие серии |
Серия "Профессиональные комментарии" |
| 604 ## - ИМЯ И ЗАГЛАВИЕ КАК ПРЕДМЕТ |
| Связываемые данные |
71001$aРоссийская Федерация |
| -- |
50011$aГражданский процессуальный кодекс$jКомментарии$2nlr_sh2$3RU\NLR\AUTH\661262192 |
| Имя лица |
Российская Федерация |
| Заглавие |
Гражданский процессуальный кодекс |
| Формальный подзаголовок |
Комментарии |
| Системный номер авторитетной/нормативной записи |
2086065 |
| Идентификатор авторитетной/нормативной записи |
RU\NLR\AUTH\661262192 |
| 604 ## - ИМЯ И ЗАГЛАВИЕ КАК ПРЕДМЕТ |
| Связываемые данные |
71001$aРоссийская Федерация. Законы |
| -- |
50011$aГражданский процессуальный кодекс Российской Федерации$2psbo |
| Имя лица |
Российская Федерация. Законы |
| Заглавие |
Гражданский процессуальный кодекс Российской Федерации |
| 606 0# - НАИМЕНОВАНИЕ ТЕМЫ КАК ПРЕДМЕТ |
| Наименование темы |
Гражданский процессуальный кодекс |
| Формальный подзаголовок |
Комментарии |
| Географический подзаголовок |
Российская Федерация |
| Системный номер авторитетной/нормативной записи |
2075486 |
| Идентификатор авторитетной/нормативной записи |
RU\NLR\auth\661250561 |
| 686 ## - ИНДЕКСЫ ДРУГИХ КЛАССИФИКАЦИЙ |
| Индекс |
Х629.2-324.9(2Р) |
| 702 #1 - ИМЯ ЛИЦА - ВТОРИЧНАЯ ОТВЕТСТВЕННОСТЬ |
| Начальный элемент ввода |
Лебедев |
| Часть имени, кроме начального элемента ввода |
П. А. |
| Код отношения |
Составитель |
| 702 #1 - ИМЯ ЛИЦА - ВТОРИЧНАЯ ОТВЕТСТВЕННОСТЬ |
| Начальный элемент ввода |
Ивлиев |
| Часть имени, кроме начального элемента ввода |
Г. П. |
| Код отношения |
Редактор |
| 801 #0 - ИСТОЧНИК ЗАПИСИ |
| Страна |
Российская Федерация |
| Организация |
NLR |
| Дата составления |
20030526 |
| Правила каталогизации |
PSBO |
| 801 #1 - ИСТОЧНИК ЗАПИСИ |
| Страна |
Российская Федерация |
| Организация |
NLR |
| Дата составления |
20030526 |
| 942 ## - ДОПОЛНИТЕЛЬНЫЕ ЭЛЕМЕНТЫ ЗАПИСИ (АБИС) |
| Тип экземпляра АБИС |
Книга |
| 980 ## - КОЛЛЕКЦИЯ |
| Название коллекции |
Национальная библиография |